000 00778nam a2200241Ia 4500
003 OSt
005 20220912145047.0
006 a|||||r|||| 00| 0
007 ta
008 220909b |||||||| |||| 00| 0 eng d
024 _a79164
037 _cTextual
040 _aCSL
_beng
_cCSL
041 _aeng
082 _aY:3(Q).27714v, M0
100 _aParratt Saroj Nalini
245 0 _aReligion of Manipur: beliefs, ritual and historical development BOOK LOST ( COST REALIZED)
260 _aCalcutta
_bFirma KLM Private Limited
_c1980
300 _axi,218p
_ccm.
942 _hY:3(Q).27714v, M0
_cTEXL
_2CC
999 _c22133
_d22133